| 000 | 00878nam a2200241 a 4500 | ||
|---|---|---|---|
| 001 | BRCA_326 | ||
| 005 | 20190320202947.0 | ||
| 008 | 900117s1991 paua---##b---s001-0#eng-# | ||
| 020 | _a0271007028 | ||
| 040 |
_aDLC _cDLC _dDLC |
||
| 050 | 4 |
_aNK5349 _b.L55 1991 |
|
| 100 | 1 |
_aLillich, Meredith P. _d1932- _91085 |
|
| 245 | 1 | 0 |
_aRainbow Like an Emerald _bStained Glass in Lorraine in the Thirteenth and Early Fourteenth Centuries _cMeredith Parsons Lillich. |
| 260 |
_aEstados Unidos de América _bCollege Art Association _c1991 |
||
| 300 |
_axix, 161 p., [102] p. de láminas _bil. _c29 cm. |
||
| 500 | _aIncluye índice general e índide de Monumentos y trabajos de arte | ||
| 500 | _aDonación Consejo Británico | ||
| 504 | _aBibliografía: p. 123-153. | ||
| 650 | 1 | 4 |
_aVitrales góticos _zFrancia _91086 |
| 650 | 1 | 4 |
_aVitrales _zFrancia _91087 |
| 902 | _aDCB | ||
| 942 |
_2lcc _cB |
||
| 999 |
_c263 _d263 |
||